| 000 | 00605nam a22002177a 4500 | ||
|---|---|---|---|
| 005 | 20240311104942.0 | ||
| 008 | 231016b |||||||| |||| 00| 0 eng d | ||
| 020 | _a9780323543873 | ||
| 082 |
_a617.643 _bPRO-C |
||
| 100 | _aProffit, William R | ||
| 245 |
_aContemporary Orthodontics / _cWilliam R. Proffit |
||
| 250 | _a6th ed. | ||
| 260 |
_aSingapore : _bElsevier ; _c2020 . |
||
| 300 |
_aviii , 729 p. : _bill ; _c27.5 cm . |
||
| 500 | _aPrinted in Pakistan | ||
| 650 | _aDentistry / Medical | ||
| 700 | _aHenry W.Fields | ||
| 700 | _aBrent E. Larson | ||
| 700 | _aDavis M. Sarver | ||
| 999 |
_c33899 _d33899 |
||